Modelovanie súčiastok pomocou generatívneho dizajnu

Na minha lista:
Detalhes bibliográficos
Autor principal: Richnák, Tomáš (Author)
Outros Autores: Buranský, Ivan (Thesis advisor)
Formato: Manuscrito Livro
Idioma:eslovaco
Publicado em: 2020
Assuntos:
Acesso em linha:http://is.stuba.sk/zp/portal_zp.pl?podrobnosti=141507
Tags: Adicionar Tag
Sem tags, seja o primeiro a adicionar uma tag!

MARC

LEADER 00000ntm a22000003a 4500
001 stuzp78448
003 SK-STU
005 20200718210910.3
007 ta
008 150427s2015----xo-----f-mn---000-0-slo-d
040 |a STU  |b slo 
041 0 |a slo 
100 1 |a Richnák, Tomáš  |u 063000  |4 aut  |U MTF Materiálovotechnologická fakulta  |T MTF Ústav výrobných technológií  |X 86898  |U M3000  |Y 83  |7 86898 
242 0 1 |a Part modeling using generative design  |y eng 
245 1 0 |a Modelovanie súčiastok pomocou generatívneho dizajnu 
260 |c 2020 
650 4 |a generatívny dizajn  |2 slo 
650 4 |a modelovanie súčiastok  |2 slo 
650 4 |a CAD systémy  |2 slo 
650 4 |a generative design  |2 eng 
650 4 |a part modeling  |2 eng 
650 4 |a CAD systems  |2 eng 
700 1 |a Buranský, Ivan  |u 063000  |k Z1  |4 ths  |U MTF Materiálovotechnologická fakulta  |T MTF Ústav výrobných technológií  |X 4587  |U M3000  |Y 83  |7 A000004587 
856 4 |u http://is.stuba.sk/zp/portal_zp.pl?podrobnosti=141507 
996 |c M* BP-8961  |l MMSKP  |s P  |a 0  |w stuzp78448_0001